Nonparametric statistical methods (Record no. 4222)

MARC details
000 -LEADER
fixed length control field 00522 a2200181 4500
000 - LEADER
fixed length control field BKB
001 - CONTROL NUMBER
control field 070798
005 - DATE AND TIME OF LATEST TRANSACTION
control field 20200902150902.0
008 - FIXED-LENGTH DATA ELEMENTS--GENERAL INFORMATION
fixed length control field
082 ## - DEWEY DECIMAL CLASSIFICATION NUMBER
Classification number 519.5
Item number H71N
100 1# - MAIN ENTRY--PERSONAL NAME
Personal name Hollander, Myles
245 1# - TITLE STATEMENT
Title Nonparametric statistical methods
Statement of responsibility, etc by Myles Hollander and Douglas A. Wolfe
260 ## - PUBLICATION, DISTRIBUTION, ETC. (IMPRINT)
Place of publication, distribution, etc New York
Name of publisher, distributor, etc John Wiley & Sons
Date of publication, distribution, etc 1999
300 ## - PHYSICAL DESCRIPTION
Extent 787p.
690 ## - LOCAL SUBJECT ADDED ENTRY--TOPICAL TERM (OCLC, RLIN)
Topical term or geographic name as entry element Nonparametric statistics
700 ## - ADDED ENTRY--PERSONAL NAME
Personal name Wolfe, Douglas A.
Numeration
Titles and other words associated with a name
964 ## -
--
-- ENG
--
--
--
--
--
Holdings
Withdrawn status Lost status Damaged status Not for loan Home library Current library Date acquired Cost, normal purchase price Total Checkouts Full call number Barcode Date last seen Price effective from Koha item type
        Central University Of Rajasthan Central University Of Rajasthan 07/03/2012 7922.25   519.5 H71N 5085 21/11/2024 02/09/2020 Books